[Event "Quebec op U1700"]
[Site "Montreal"]
[Date "2016.07.29"]
[Round "8.57"]
[White "Cholette, Mario"]
[Black "Sonn, Eric"]
[Result "0-1"]
[WhiteElo "1432"]
[BlackElo "1506"]
[PlyCount "144"]
[EventDate "2016.07.23"]
[EventType "swiss"]
[EventRounds "8"]
[EventCountry "CAN"]
[SourceTitle "EXT 2022"]
[Source "ChessBase"]
[SourceDate "2021.10.06"]
[SourceVersion "1"]
[SourceVersionDate "2021.10.06"]
[SourceQuality "1"]

1. e4 c5 2. Nf3 d6 3. d4 cxd4 4. Nxd4 Nf6 5. Nc3 a6 6. Be2 b5 7. a3 Bb7 8. f3 Nbd7 9. Be3 e6 10. 0-0 Be7 11. Qe1 Rc8 12. Rd1 0-0 13. Bg5 h6 14. Bh4 Ne5 15. Kh1 Nc4 16. Bxc4 Rxc4 17. e5 Ne8 18. Bxe7 Qxe7 19. Nb3 Qc7 20. exd6 Nxd6 21. Qe5 Nf5 22. Qxc7 Rxc7 23. Rfe1 Ne7 24. Rd2 Nd5 25. Ne4 Rb8 26. Nec5 Bc8 27. Rd4 b4 28. Red1 a5 29. axb4 a4 30. Nxa4 Rxc2 31. Nbc5 Kh7 32. Nd3 Ne3 33. Ne1 Rc7 34. Rb1 e5 35. Re4 Bf5 36. Nc5 Bxe4 37. fxe4 Rd8 38. Nf3 Re7 39. Kg1 f6 40. Kf2 Nc2 41. Na6 Rb7 42. Ke2 Nxb4 43. Nxb4 Rxb4 44. Nd2 Rc8 45. Kd3 Rd4+ 46. Ke3 Rcd8 47. Nf3 Rb4 48. Nd2 Rdb8 49. b3 Kg6 50. Rc1 Ra8 51. Rc7 Ra2 52. h4 h5 53. g3 Rxd2 54. Kxd2 Rxb3 55. Rc3 Rb8 56. Ke2 Rb2+ 57. Kf3 Rb4 58. Rc6 Rd4 59. Rb6 Rd3+ 60. Kf2 Rd7 61. Ke3 Kf7 62. Rb5 Ke6 63. Rb6+ Rd6 64. Rb7 Rd7 65. Rb1 Kf7 66. Rf1 Rd6 67. Rg1 g6 68. g4 hxg4 69. Rxg4 f5 70. exf5 gxf5 71. Ra4 Rb6 72. Ra7+ Kg6 0-1